000
00401nam a22001697a 4500
003
MPLRDC
005
20220104154308.0
008
210129b ||||| |||| 00| 0 eng d
082
_a
490.7 HLG c.2
100
_a
胡立光编
245
_a
商场胆识
_c
260
_a
_b
快泽有限公司
_c
300
_b
平
490
_a
迷你系列. 70
650
_a
商学总论
942
_c
BK
_o
490.7 HLG c.2
999
_c
53904
_d
53894